Anecdotes des pays en football - Statistiques

Statistiques générales
  • Ce quiz a été pris 39 fois
  • Le résultat moyen est 7 sur 30
Statistiques - réponses
Question réponse % Correct
Seul pays Océanien actuel à s'être qualifié pour la Coupe du Monde Nouvelle zelande
58%
Plus petit pays en superficie à s'être qualifié pour la Coupe d'Asie Singapour
52%
Seul pays sud américain (Commebol) à ne s'être jamais qualifié pour la Coupe du monde Venezuela
45%
Premier pays africain en coupe du monde Egypte
42%
Plus petit pays en superficie à s'être qualifié pour la Copa America Uruguay
42%
Pays ayant l'attitude maximale la plus haute à s'être qualifié pour la Copa America Argentine
33%
Pays ayant l'attitude maximale la plus haute à s'être qualifié pour la Coupe d'Europe Russie
33%
Pays ayant l'attitude maximale la plus haute à s'être qualifié pour la Coupe d'Asie Chine
30%
Pays ayant l'attitude maximale la plus haute à s'être qualifié pour la Coupe d'Afrique Tanzanie
27%
Pays ayant l'attitude maximale la plus haute à s'être qualifié pour la Gold Cup Etats unis
24%
Pays le moins peuplé à s'être qualifié pour la Coupe d'Europe Islande
24%
Pays le plus grand de l'UEFA à ne s'être jamais qualifié pour la Coupe d'Europe Kazakhstan
24%
Pays le plus grand de l'AFC à ne s'être jamais qualifié pour la Coupe D'Asie Mongolie
24%
Pays le plus grand de la CAF à ne s'être jamais qualifié pour la Coupe d'Afrique Tchad
24%
Pays le moins peuplé à s'être qualifié pour la Copa américa Uruguay
24%
Pays ayant l'attitude maximale la plus basse à s'être qualifié pour la Copa America Uruguay
21%
Premier pays asiatique en coupe du monde Indonésie
18%
Plus petit pays en superficie à s'être qualifié pour la Coupe d’Europe Slovénie
18%
Pays le moins peuplé à s'être qualifié pour la Coupe d'Asie Bahrein
15%
Pays ayant l'attitude maximale la plus basse à s'être qualifié pour la Coupe d'Europe Danemark
15%
Plus petit pays en superficie à s'être qualifié pour la Coupe d'Afrique Maurice
15%
Plus petit pays en superficie à s'être qualifié pour la Gold Cup Bermudes
12%
Pays le moins peuplé à s'être qualifié pour la Gold Cup Bermudes
12%
Pays ayant l'attitude maximale la plus basse à s'être qualifié pour la Gold Cup Bermudes
9%
Pays le moins peuplé à s'être qualifié pour la Coupe d'Afrique Cap vert
9%
Pays ayant l'attitude maximale la plus basse à s'être qualifié pour la Coupe d'Asie Qatar
9%
Pays le plus grand de la Concacaf à ne s'être jamais qualifié pour la Gold cup République dominicaine
9%
Le seul pays du monde dont l'équipe nationale de football a remporté 100 % des matches joués Nauru
6%
Pays ayant l'attitude maximale la plus basse à s'être qualifié pour la Coupe d'Afrique Guinée bissau
3%
Pays qui possède la fédération sans état la plus anciennement reconnue par la FIFA Porto rico
3%
Aucun quiz correspondant
Distribution des résultats
% des personnes avec chaque résultat
Percentile par nombre de réponses
Votre historique - résultats
Vous n’avez pas pris ce quiz